000 00593cam a22002171 4500
001 9323399
003 OSt
005 20250901165801.0
008 720417s1954 nyua 000 1 eng
010 _a 54006770
035 _a(OCoLC)285353
040 _aDLC
_cODaWU
_dOCoLC
_dDLC
042 _apremarc
050 0 0 _aPZ 3 .K5213 1958
_bRo
_aPS3521.E86
100 1 _aKeyes, Frances Parkinson,
_d1885-1970.
245 1 4 _aThe royal box.
260 _aNew York,
_bJ. Messner
_c[1954]
300 _a367 p.
_billus.
_c21 cm.
906 _a7
_bcbc
_coclcrpl
_du
_encip
_f19
_gy-gencatlg
942 _2lcc
_cBK
999 _c9207
_d9207